Symbol and ritual in the new Spain : the transition to democracy after Franco

Αποθηκεύτηκε σε:
Λεπτομέρειες βιβλιογραφικής εγγραφής
Κύριος συγγραφέας: Edles, Laura Desfor
Μορφή: Βιβλίο
Γλώσσα:English
Δημοσίευση: Cambridge : Cambridge University Press, 1998
Σειρά:Cambridge cultural social studies
Θέματα:
Ετικέτες: Προσθήκη ετικέτας
Δεν υπάρχουν, Καταχωρήστε ετικέτα πρώτοι!

MARC

LEADER 00000nam a2200000 i 4500
001 1/78478
008 080321s1998 eng d
020 |a 0-521-62885-7 
035 |l 10095739 
040 |a GR-MY-UA  |b gre  |e aacr 
041 0 |a eng 
082 0 |a 320.94609045  |2 (22) 
100 1 |a Edles, Laura Desfor. 
245 1 0 |a Symbol and ritual in the new Spain :  |b the transition to democracy after Franco /  |c Laura Desfor Edles 
260 |a Cambridge :   |b Cambridge University Press,   |c 1998 
300 |a 197 σ.;  |c 23 εκ.  
490 1 |a Cambridge cultural social studies 
504 |a Βιβλιογραφία: σ. 180-192 
504 |a Ευρετήριο: σ. 193-197 
650 0 0 |a Democracy  |z Spain  |x History  |y 20th century. 
650 0 0 |a Democratization  |z Spain  |x History  |y 20th century. 
651 0 |a Spain  |x Politics and government  |y 1975- 
830 0 |a Cambridge cultural social studies 
852 |a INST  |b LESVOS  |e 20080321  |h 320.94609045 EDL  |p 005100040556  |q 005100040556  |t BK  |y 0 
901 |a BIBL1-2008-1 
909 |a Λ  |b 143125 
922 |a 1ΕΛΗ  |b 200712  |c ΕΠΕΑΕΚ2/ΤΚΑ  |d ΠΑΠΑΣΩΤΗΡΙΟΥ 
970 |a ΧΑΤΖΗΜΙΧΑΗΛ  |b ΜΑΡΙΑ  |z 2008/03/21